[Event "IND-chB (Women) 38th"]
[Site "Chennai"]
[Date "2011.07.04"]
[Round "4"]
[White "Bindu, Saritha K"]
[Black "Manjula, R."]
[Result "1-0"]
[WhiteElo "1897"]
[BlackElo "1606"]
[PlyCount "147"]
[EventDate "2011.07.02"]
[EventType "swiss"]
[EventRounds "11"]
[EventCountry "IND"]
[SourceTitle "CBM 143 Extra"]
[Source "ChessBase"]
[SourceDate "2011.08.29"]
[SourceVersion "1"]
[SourceVersionDate "2011.08.29"]
[SourceQuality "1"]

1. d4 Nf6 2. c4 e6 3. g3 d5 4. Bg2 Be7 5. Nf3 0-0 6. 0-0 Ne4 7. Nbd2 f5 8. Qc2 Nd7 9. b3 Ndf6 10. Nxe4 dxe4 11. Ne5 Qxd4 12. Bb2 Qd8 13. Rfd1 Qe8 14. f3 exf3 15. exf3 f4 16. g4 Nd7 17. Bf1 Nxe5 18. Bxe5 Bf6 19. Re1 Qc6 20. Bxf6 Rxf6 21. Kg2 Rh6 22. Qe4 Qxe4 23. Rxe4 Rf6 24. Rd1 g5 25. c5 c6 26. Bc4 b5 27. Be2 Rf8 28. Re5 Kf7 29. Rxg5 Kf6 30. Rh5 Rh8 31. Rd6 h6 32. Bd3 a6 33. Rxc6 Bd7 34. Rd6 Be8 35. g5+ Kg7 36. Rxh6 Rxh6 37. gxh6+ Kxh6 38. Rxe6+ Kh5 39. Rd6 Bf7 40. Bf5 Kg5 41. Be4 Ra7 42. c6 Ra8 43. c7 Rc8 44. Rd7 Be6 45. Rh7 Kf6 46. Bb7 Rg8+ 47. Kf2 Bf5 48. Rh5 Bd7 49. Rc5 Bc8 50. Bxc8 Rxc8 51. Ke2 Ke6 52. Kd3 Kd6 53. Kd4 Rxc7 54. Rxc7 Kxc7 55. Ke5 Kd7 56. h4 Kc6 57. h5 Kc5 58. a3 a5 59. h6 a4 60. bxa4 bxa4 61. h7 Kc4 62. h8Q Kb3 63. Qf8 Kc2 64. Qxf4 Kb3 65. Qb4+ Kc2 66. Qxa4+ Kd2 67. Qb3 Ke2 68. f4 Kf2 69. f5 Ke2 70. f6 Kd2 71. f7 Ke2 72. f8Q Ke1 73. Qb2 Kd1 74. Qf1# 1-0